00691nam a2200205 a 450000100060000000300080000600500170001400800410003103500190007204000260009104100080011708200250012510000330015024500750018326000780025830000330033650400510036965000270042070000380044752121BD-RjUL20211209075745.0160906m19401957nyua 001 0 eng d a(BD-RjUL)52241 aBD-RjULbengcBD-RjUL aeng 223a530.13bMAS 19571 aMayer, Joseph Edward,d1904-10aStatistical mechanics /cJoseph Edward Mayer and Maria Goeppert Mayer. aNew York :bWiley ;aLondon :bChapman & Hall,cc1940 [7th printing 1957] axi, 495 p. :bill. ;c24 cm. aIncludes bibliographical references and index. 0aStatistical mechanics.1 aMayer, Maria Goeppert,d1906-1972